[Event "Asia CCCL"]
[Site "Khanty-Mansiysk"]
[Date "2025.06.21"]
[Round "4.4"]
[White "Raahul, VS."]
[Black "Ponkratov, Pavel"]
[Result "0-1"]
[WhiteElo "2387"]
[BlackElo "2548"]
[PlyCount "68"]
[EventDate "2025.06.18"]
[EventType "team-tourn"]
[EventRounds "7"]
[EventCountry "RUS"]
[SourceTitle "CB27_2025"]
[SourceDate "2025.07.02"]
[SourceVersion "1"]
[SourceVersionDate "2025.07.02"]
[SourceQuality "1"]
[WhiteTeam "Airports Authority"]
[BlackTeam "KPRF Sport"]
[WhiteTeamCountry "IND"]
[BlackTeamCountry "RUS"]

1. d4 Nf6 2. c4 e6 3. Nc3 Bb4 4. Qc2 d5 5. cxd5 exd5 6. Bg5 h6 7. Bh4 g5 8. Bg3 Nc6 9. e3 h5 10. Bb5 h4 11. Be5 0-0 12. Bxc6 bxc6 13. h3 Rb8 14. Nf3 Ne4 15. 0-0 Bxc3 16. bxc3 Bf5 17. Qa4 f6 18. Bh2 Qd7 19. Qxa7 Bxh3 20. Ne1 Rb2 21. Qxc7 Qe6 22. Bd6 Rc8 23. Qe7 Nxd6 24. Qxe6+ Bxe6 25. Nd3 Rd2 26. Nc5 Bf5 27. f3 Rb8 28. Rf2 Rxf2 29. Kxf2 Rb2+ 30. Kg1 h3 31. gxh3 Bxh3 32. e4 Nb5 33. Na4 Rg2+ 34. Kh1 Rc2 0-1

[Event "Dubai op-A 25th"]
[Site "Dubai"]
[Date "2025.05.30"]
[Round "4"]
[White "Harikrishnan, A Ra"]
[Black "Raahul, VS."]
[Result "1-0"]
[WhiteElo "2467"]
[BlackElo "2378"]
[PlyCount "75"]
[EventDate "2025.05.27"]
[EventType "swiss"]
[EventRounds "9"]
[EventCountry "UAE"]
[SourceTitle "CB23_2025"]
[SourceDate "2025.06.04"]
[SourceVersion "1"]
[SourceVersionDate "2025.06.04"]
[SourceQuality "1"]

1. Nf3 d5 2. g3 Bg4 3. Bg2 c6 4. 0-0 Nd7 5. h3 Bh5 6. d4 e6 7. c4 Ngf6 8. cxd5 exd5 9. Ne5 Bg6 10. Nc3 Bd6 11. f4 Be4 12. Nxe4 Nxe4 13. Bxe4 dxe4 14. Qb3 Bxe5 15. dxe5 Qb6+ 16. Be3 Qxb3 17. axb3 a6 18. g4 h5 19. g5 f5 20. gxf6 gxf6 21. e6 Nf8 22. f5 h4 23. Kh2 Rd8 24. Rad1 Rxd1 25. Rxd1 Rh5 26. Rf1 c5 27. Rf4 a5 28. Bxc5 Nxe6 29. Rxe4 Rxf5 30. Rxe6+ Kd7 31. Rd6+ Kc7 32. b4 axb4 33. Bxb4 Rf2+ 34. Kg1 Rxe2 35. Rd2 Re3 36. Kg2 Rg3+ 37. Kh2 Rf3 38. Bc3 1-0

[Event "Titled Tuesday intern op 06th May Early"]
[Site "Chess.com INT"]
[Date "2025.05.06"]
[Round "3"]
[White "Raahul, VS."]
[Black "Bok, Benjamin"]
[Result "0-1"]
[WhiteElo "2378"]
[BlackElo "2591"]
[PlyCount "86"]
[EventDate "2025.05.06"]
[EventType "swiss (blitz)"]
[EventRounds "11"]
[EventCountry "USA"]
[SourceTitle "CB20_2025"]
[SourceDate "2025.05.14"]
[SourceVersion "1"]
[SourceVersionDate "2025.05.14"]
[SourceQuality "1"]

1. c4 e6 2. Nc3 d5 3. d4 Nf6 4. cxd5 exd5 5. Bg5 c6 6. e3 h6 7. Bh4 Be7 8. Bd3 0-0 9. Qc2 Re8 10. Nge2 a5 11. 0-0 Na6 12. a3 Nc7 13. f3 Ne6 14. Rad1 b5 15. Bf2 Ba6 16. Ng3 b4 17. axb4 axb4 18. Na4 Bxd3 19. Rxd3 Qa5 20. b3 c5 21. dxc5 Nxc5 22. Nxc5 Bxc5 23. Nf5 Qb5 24. Rfd1 Bf8 25. Qb2 Ra6 26. Bh4 Qb6 27. Bxf6 Qxf6 28. Qxf6 Rxf6 29. Rxd5 g6 30. Ng3 Rxe3 31. Ne4 Rc6 32. R1d3 Re2 33. Rd2 Rxd2 34. Rxd2 f5 35. Nf2 Rc3 36. Rb2 Bg7 37. Rb1 Bd4 38. Kf1 Kf7 39. Nh3 g5 40. Ng1 Rc2 41. Ne2 Be3 42. Ke1 f4 43. Ra1 Rb2 0-1

[Event "Titled Tuesday intern op 06th May Early"]
[Site "Chess.com INT"]
[Date "2025.05.06"]
[Round "2"]
[White "Raahul, VS."]
[Black "Meruga, Shanmukha R"]
[Result "1-0"]
[WhiteElo "2378"]
[BlackElo "1985"]
[PlyCount "73"]
[EventDate "2025.05.06"]
[EventType "swiss (blitz)"]
[EventRounds "11"]
[EventCountry "USA"]
[SourceTitle "CB20_2025"]
[SourceDate "2025.05.14"]
[SourceVersion "1"]
[SourceVersionDate "2025.05.14"]
[SourceQuality "1"]

1. e4 e6 2. d4 d5 3. Nc3 dxe4 4. Nxe4 Bd7 5. Nf3 Bc6 6. Bd3 Nd7 7. c3 Ngf6 8. Ng3 Bd6 9. 0-0 Nd5 10. Ng5 Nf4 11. Be4 Qxg5 12. Bxc6 bxc6 13. Qf3 Qh4 14. c4 Ng6 15. c5 Bxg3 16. fxg3 Qxd4+ 17. Be3 Nge5 18. Bxd4 Nxf3+ 19. Rxf3 0-0 20. Rd1 Rfd8 21. Rfd3 Nf8 22. Be5 Rxd3 23. Rxd3 Rc8 24. Rb3 f6 25. Bc3 e5 26. Rb7 Ne6 27. b4 Ra8 28. Bd2 Kf7 29. Be3 Ke8 30. a4 Kd7 31. b5 cxb5 32. axb5 a5 33. c6+ Kc8 34. b6 a4 35. Ra7 Rb8 36. b7+ Kd8 37. Ra8 1-0

[Event "Titled Tuesday intern op 06th May Early"]
[Site "Chess.com INT"]
[Date "2025.05.06"]
[Round "7"]
[White "Raahul, VS."]
[Black "Sygulski, Piotr"]
[Result "0-1"]
[WhiteElo "2378"]
[BlackElo "2204"]
[PlyCount "67"]
[EventDate "2025.05.06"]
[EventType "swiss (blitz)"]
[EventRounds "11"]
[EventCountry "USA"]
[SourceTitle "CB20_2025"]
[SourceDate "2025.05.14"]
[SourceVersion "1"]
[SourceVersionDate "2025.05.14"]
[SourceQuality "1"]

1. e4 c6 2. c4 d5 3. exd5 cxd5 4. cxd5 Nf6 5. Qa4+ Nbd7 6. Nc3 g6 7. Bc4 Bg7 8. Nf3 0-0 9. d3 Nb6 10. Qb3 Bg4 11. Ng5 Rc8 12. Be3 Nxc4 13. dxc4 h6 14. Nge4 Nxe4 15. Nxe4 Qa5+ 16. Bd2 Qa6 17. Rc1 e6 18. f3 Bf5 19. 0-0 Rfd8 20. Be3 exd5 21. cxd5 Rxc1 22. Rxc1 b6 23. Ng3 Bc8 24. Rc7 Qa5 25. Kf2 Be5 26. Re7 Bd6 27. Re4 Bc5 28. Bxc5 Qxc5+ 29. Qe3 Qxd5 30. Qxh6 Qc5+ 31. Ke1 Qg1+ 32. Nf1 Ba6 33. Re2 Bxe2 34. Kxe2 0-1

[Event "IND-chT 44th"]
[Site "Ahmedabad"]
[Date "2025.03.08"]
[Round "6.3"]
[White "Sidhant, Mohapatra"]
[Black "Raahul, VS."]
[Result "1/2-1/2"]
[WhiteElo "2382"]
[BlackElo "2405"]
[PlyCount "155"]
[EventDate "2025.03.05"]
[EventType "team-swiss"]
[EventRounds "9"]
[EventCountry "IND"]
[SourceTitle "CB12_2025"]
[SourceDate "2025.03.19"]
[SourceVersion "1"]
[SourceVersionDate "2025.03.19"]
[SourceQuality "1"]
[WhiteTeam "Odisha"]
[BlackTeam "Airports Authority"]
[WhiteTeamCountry "IND"]
[BlackTeamCountry "IND"]

1. Nf3 d5 2. g3 Nf6 3. Bg2 c6 4. 0-0 Bg4 5. d4 Nbd7 6. Nbd2 e6 7. Re1 Bd6 8. e4 dxe4 9. Nxe4 Nxe4 10. Rxe4 Nf6 11. Re1 0-0 12. c3 Re8 13. Qb3 Bxf3 14. Bxf3 Qc7 15. Bg5 Nd7 16. Rad1 h6 17. Bc1 Rad8 18. Kg2 Nf6 19. Re2 b6 20. Qa4 b5 21. Qc2 Rc8 22. h4 a6 23. a4 Nd5 24. Bd2 Nb6 25. axb5 axb5 26. b3 Nd7 27. Ra1 e5 28. Rae1 Nf6 29. dxe5 Rxe5 30. Rxe5 Bxe5 31. Qf5 Re8 32. h5 Qd6 33. Re2 Re6 34. Be1 Qe7 35. Qd3 Bc7 36. Rxe6 Qxe6 37. Qe2 Qxe2 38. Bxe2 Ba5 39. Kf1 Nd7 40. Bf3 Ne5 41. Be2 Kf8 42. f4 Nd7 43. Bf3 Nb8 44. Ke2 Ke7 45. Kd3 Kd6 46. Bf2 Nd7 47. Bd4 f6 48. b4 Bb6 49. Ke4 c5 50. bxc5+ Bxc5 51. Be2 b4 52. cxb4 Bxb4 53. Kf5 Nf8 54. Bc4 Ke7 55. g4 Bd2 56. Bb2 Ke8 57. Bb3 Ke7 58. Ba3+ Ke8 59. Bc4 Be3 60. Ke4 Bd2 61. Bb3 Bc3 62. Kf5 Bd2 63. Bc5 Bc1 64. Bb4 Be3 65. Ke4 Bc1 66. Ba4+ Kf7 67. Bb3+ Ke8 68. Bc4 Nh7 69. Bd6 Nf8 70. Kd5 Be3 71. Bb3 Bc1 72. Kc6 Bd2 73. Kc7 Ba5+ 74. Kc8 Bd2 75. Bc4 Be3 76. Bc7 Ke7 77. f5 Bc5 78. Bd8+ 1/2-1/2

[Event "IND-chT 44th"]
[Site "Ahmedabad"]
[Date "2025.03.06"]
[Round "3.2"]
[White "Mummana, Venkata Ruthvik"]
[Black "Raahul, VS."]
[Result "1-0"]
[WhiteElo "2201"]
[BlackElo "2405"]
[PlyCount "112"]
[EventDate "2025.03.05"]
[EventType "team-swiss"]
[EventRounds "9"]
[EventCountry "IND"]
[SourceTitle "CB12_2025"]
[SourceDate "2025.03.19"]
[SourceVersion "1"]
[SourceVersionDate "2025.03.19"]
[SourceQuality "1"]
[WhiteTeam "Andhra Pradesh"]
[BlackTeam "Airports Authority"]
[WhiteTeamCountry "IND"]
[BlackTeamCountry "IND"]

1. e4 e6 2. d4 d5 3. Nd2 c5 4. exd5 exd5 5. Ngf3 Nc6 6. Bb5 cxd4 7. 0-0 Bd6 8. Nb3 Nge7 9. Nbxd4 0-0 10. c3 Bg4 11. Be2 Qd7 12. Be3 Ng6 13. Nc2 Nf4 14. Bxf4 Bxf4 15. Nfd4 Be6 16. Re1 Bc7 17. Qd2 Bb6 18. Rad1 Rfe8 19. Bf3 Rad8 20. Re2 Bg4 21. Rde1 Bxf3 22. Nxf3 Rxe2 23. Qxe2 h6 24. h3 Qf5 25. Qd2 Rd6 26. Ncd4 Qd7 27. Ne5 Qc8 28. Ndf3 Re6 29. Qxd5 Qe8 30. Kf1 Ne7 31. Qd7 Qb8 32. Nc4 Rxe1+ 33. Kxe1 Ng6 34. Nxb6 axb6 35. Kf1 Qa8 36. a4 Nf8 37. Qb5 Qd8 38. g3 Ne6 39. Kg2 Qc7 40. Ne5 Qd6 41. Qe8+ Qf8 42. Qxf8+ Kxf8 43. Nd7+ Ke7 44. Nxb6 Kd6 45. b4 Kc6 46. Nc4 Kd5 47. Nd2 f5 48. h4 g5 49. hxg5 hxg5 50. Kf3 g4+ 51. Ke3 Ng5 52. a5 Ne6 53. c4+ Ke5 54. Nb3 f4+ 55. gxf4+ Nxf4 56. Nc5 Ng2+ 1-0

[Event "Budapest FS02 GM"]
[Site "Budapest"]
[Date "2025.02.08"]
[Round "9"]
[White "Raahul, VS."]
[Black "Travadon, Loic"]
[Result "0-1"]
[WhiteElo "2389"]
[BlackElo "2401"]
[PlyCount "82"]
[EventDate "2025.02.01"]
[EventType "tourn"]
[EventRounds "9"]
[EventCountry "HUN"]
[EventCategory "7"]
[SourceTitle "CB07_2025"]
[SourceDate "2025.02.12"]
[SourceVersion "1"]
[SourceVersionDate "2025.02.12"]
[SourceQuality "1"]

1. d4 Nf6 2. Bf4 c5 3. d5 d6 4. Nc3 e5 5. Bg5 Be7 6. Bxf6 Bxf6 7. e4 h5 8. Bb5+ Nd7 9. a4 a6 10. Be2 g6 11. Nf3 Bg7 12. Nd2 f5 13. exf5 gxf5 14. Bxh5+ Kf8 15. Be2 e4 16. Ra3 Ne5 17. Nc4 Nxc4 18. Bxc4 Bd7 19. a5 Qg5 20. g3 f4 21. Ne2 Bxb2 22. Rb3 Be5 23. gxf4 Bxf4 24. Rg1 Qe5 25. Nxf4 Qxf4 26. Qa1 Rh7 27. Rbg3 Rf7 28. Rg7 Qxf2+ 29. Kd1 Be8 30. R1g4 Qf1+ 31. Bxf1 Rxf1+ 32. Kd2 Rxa1 33. Rxb7 Rf1 34. Rh4 Bf7 35. Rb6 Rf6 36. c4 Re8 37. Rh8+ Bg8 38. Rh3 Rf3 39. Rh6 e3+ 40. Ke2 Rf2+ 41. Ke1 e2 0-1

[Event "Budapest FS02 GM"]
[Site "Budapest"]
[Date "2025.02.05"]
[Round "5"]
[White "Kovalev, Andrei"]
[Black "Raahul, VS."]
[Result "1/2-1/2"]
[WhiteElo "2413"]
[BlackElo "2389"]
[PlyCount "79"]
[EventDate "2025.02.01"]
[EventType "tourn"]
[EventRounds "9"]
[EventCountry "HUN"]
[EventCategory "7"]
[SourceTitle "CB07_2025"]
[SourceDate "2025.02.12"]
[SourceVersion "1"]
[SourceVersionDate "2025.02.12"]
[SourceQuality "1"]

1. e4 e5 2. Nf3 Nc6 3. Bb5 a6 4. Ba4 Nf6 5. 0-0 Be7 6. Re1 b5 7. Bb3 d6 8. c3 0-0 9. h3 Na5 10. Bc2 c5 11. d4 cxd4 12. cxd4 Nc6 13. Nc3 exd4 14. Nxd4 Nxd4 15. Qxd4 Be6 16. Bf4 Rc8 17. Bb3 Rc6 18. Nd5 Bxd5 19. exd5 Rc5 20. a4 Qd7 21. axb5 Qxb5 22. Ba4 Rc4 23. Bxb5 Rxd4 24. Be3 Rb4 25. Bc6 Bd8 26. Ra2 a5 27. Re2 h6 28. Ra3 Bc7 29. Ra2 Rc4 30. g3 Rb8 31. Kg2 Rb3 32. Ba4 Rbb4 33. b3 Re4 34. Rec2 Nxd5 35. Bd2 Rbd4 36. Bc6 Re7 37. Bxa5 Bxa5 38. Rxa5 Nb4 39. Rc3 Nxc6 40. Rxc6 1/2-1/2

[Event "Budapest FS02 GM"]
[Site "Budapest"]
[Date "2025.02.02"]
[Round "2"]
[White "Raahul, VS."]
[Black "Seres, Lajos"]
[Result "1-0"]
[WhiteElo "2389"]
[BlackElo "2296"]
[PlyCount "55"]
[EventDate "2025.02.01"]
[EventType "tourn"]
[EventRounds "9"]
[EventCountry "HUN"]
[EventCategory "7"]
[SourceTitle "CB07_2025"]
[SourceDate "2025.02.12"]
[SourceVersion "1"]
[SourceVersionDate "2025.02.12"]
[SourceQuality "1"]

1. d4 d5 2. c4 c6 3. Nf3 Nf6 4. Nc3 a6 5. e3 b5 6. b3 Bg4 7. Be2 e6 8. h3 Bh5 9. g4 Bg6 10. Ne5 Nfd7 11. Nxg6 hxg6 12. Qc2 Be7 13. Kf1 b4 14. Na4 Nf6 15. Kg2 Nbd7 16. Bd2 Ne4 17. Be1 0-0 18. f3 Nef6 19. c5 a5 20. Bg3 Ne8 21. h4 Nc7 22. Bd3 Re8 23. h5 g5 24. h6 Nf8 25. hxg7 Kxg7 26. Kg1 Ng6 27. Bxg6 fxg6 28. Qh2 1-0

[Event "Johor op 9th"]
[Site "Johor"]
[Date "2025.01.22"]
[Round "8"]
[White "Raahul, VS."]
[Black "Farid, Firman Syah"]
[Result "1-0"]
[WhiteElo "2382"]
[BlackElo "2405"]
[PlyCount "97"]
[EventDate "2025.01.18"]
[EventType "swiss"]
[EventRounds "9"]
[EventCountry "MAS"]
[SourceTitle "CB05_2025"]
[SourceDate "2025.01.29"]
[SourceVersion "1"]
[SourceVersionDate "2025.01.29"]
[SourceQuality "1"]

1. d4 d5 2. c4 dxc4 3. e4 e5 4. Nf3 exd4 5. Bxc4 Bb4+ 6. Nbd2 Nc6 7. 0-0 Nf6 8. e5 Nd5 9. Nb3 Nb6 10. Bb5 Bd7 11. Bxc6 Bxc6 12. Nfxd4 Bd5 13. Qg4 Qd7 14. e6 fxe6 15. Nxe6 Qxe6 16. Qxb4 0-0-0 17. Bf4 Bxg2 18. Bxc7 Nd5 19. Qh4 g5 20. Qg3 Bxf1 21. Bxd8 Nf4 22. Rc1+ Bc4 23. Nd4 Qd5 24. Bxg5 Qxg5 25. Rxc4+ Kd7 26. Qxg5 Nh3+ 27. Kg2 Nxg5 28. f4 Ne4 29. Nf5 Rg8+ 30. Ng3 Nd6 31. Rc2 Ke6 32. Kf3 Rg7 33. Re2+ Kf7 34. Rd2 Rg6 35. f5 Rf6 36. Kf4 Ke7 37. h4 Nf7 38. Ne4 Rc6 39. Ng5 Rc4+ 40. Kg3 h5 41. f6+ Kf8 42. Kh3 Rg4 43. Ne6+ Kg8 44. Ng7 Ra4 45. b3 Ra5 46. Rg2 Kf8 47. Ne6+ Ke8 48. Rg8+ Kd7 49. Ng5 1-0

[Event "Johor op 9th"]
[Site "Johor"]
[Date "2025.01.19"]
[Round "2"]
[White "Yu, Shi"]
[Black "Raahul, VS."]
[Result "0-1"]
[WhiteElo "2063"]
[BlackElo "2382"]
[PlyCount "105"]
[EventDate "2025.01.18"]
[EventType "swiss"]
[EventRounds "9"]
[EventCountry "MAS"]
[SourceTitle "CB05_2025"]
[SourceDate "2025.01.29"]
[SourceVersion "1"]
[SourceVersionDate "2025.01.29"]
[SourceQuality "1"]

1. e4 e5 2. Nf3 Nc6 3. Bb5 a6 4. Ba4 d6 5. 0-0 Bg4 6. c3 Qf6 7. d3 Nge7 8. h3 h5 9. Re1 Bxf3 10. Qxf3 Qxf3 11. gxf3 g5 12. Kf1 Bh6 13. Rd1 0-0-0 14. d4 Ng6 15. Be3 Nce7 16. Bb3 Rdf8 17. Na3 f5 18. Nc2 Kb8 19. dxe5 Nxe5 20. Nd4 f4 21. Bc1 g4 22. hxg4 hxg4 23. fxg4 f3 24. Bxh6 Rxh6 25. Ke1 Nxg4 26. Be6 Rf4 27. Bxg4 Rxe4+ 28. Kd2 Rxg4 29. Re1 Nd5 30. Re8+ Ka7 31. Rf8 Nf6 32. Nxf3 Rf4 33. Ke2 Rh3 34. Nd4 c5 35. Nc2 Nh5 36. Rg8 Re4+ 37. Ne3 Nf4+ 38. Kd2 Rf3 39. Rf1 Nh5 40. Ke2 Rf7 41. Rg5 Nf4+ 42. Kd2 d5 43. f3 Re8 44. Re1 Rh8 45. Ng4 Rh3 46. Ree5 Rxf3 47. Ref5 Rh7 48. Rg8 Rh1 49. Rgf8 Rhf1 50. R5f6 c4 51. R8f7 Rd3+ 52. Kc2 Rfd1 53. b3 0-1

[Event "Johor op 9th"]
[Site "Johor"]
[Date "2025.01.18"]
[Round "1"]
[White "Raahul, VS."]
[Black "Tan, Steven"]
[Result "1-0"]
[WhiteElo "2382"]
[BlackElo "1871"]
[PlyCount "97"]
[EventDate "2025.01.18"]
[EventType "swiss"]
[EventRounds "9"]
[EventCountry "MAS"]
[SourceTitle "CB05_2025"]
[SourceDate "2025.01.29"]
[SourceVersion "1"]
[SourceVersionDate "2025.01.29"]
[SourceQuality "1"]

1. c4 g6 2. Nc3 Bg7 3. d4 d6 4. e4 Nc6 5. Be3 e5 6. d5 Nce7 7. c5 Nf6 8. cxd6 cxd6 9. Bb5+ Bd7 10. Bxd7+ Qxd7 11. Nge2 Ng4 12. Bd2 f5 13. f3 Nf6 14. 0-0 0-0 15. a4 fxe4 16. fxe4 Qc7 17. h3 Qc4 18. Qc2 Rac8 19. Be3 a6 20. a5 Nd7 21. Rxf8+ Rxf8 22. Qa4 Qxa4 23. Rxa4 Rc8 24. Rb4 Rc7 25. Nc1 Kf7 26. Nb3 Nc8 27. Nd2 Bf6 28. Nc4 Bh4 29. Kf1 Nf6 30. Ke2 h5 31. Kd3 g5 32. Bb6 Rd7 33. Ne3 Ne7 34. Nf1 Be1 35. Be3 g4 36. h4 Rc7 37. g3 Nc8 38. Ra4 Ke8 39. Ra1 Bxc3 40. bxc3 Rf7 41. Nd2 Nd7 42. Ra4 Kd8 43. Rc4 Nc5+ 44. Ke2 Nd7 45. Bg5+ Ne7 46. Nf1 Nc5 47. Rxc5 dxc5 48. d6 Kd7 49. dxe7 1-0

[Event "Titled Tuesday intern op 14th Jan Early"]
[Site "Chess.com INT"]
[Date "2025.01.14"]
[Round "3"]
[White "Zafirakos, Jesse"]
[Black "Raahul, VS."]
[Result "1-0"]
[WhiteElo "2079"]
[BlackElo "2382"]
[PlyCount "69"]
[EventDate "2025.01.14"]
[EventType "swiss (blitz)"]
[EventRounds "11"]
[EventCountry "USA"]
[SourceTitle "CB04_2025"]
[SourceDate "2025.01.22"]
[SourceVersion "1"]
[SourceVersionDate "2025.01.22"]
[SourceQuality "1"]

1. e4 e5 2. Nf3 Nc6 3. Bb5 a6 4. Ba4 d6 5. d4 b5 6. Bb3 Nxd4 7. Nxd4 exd4 8. c3 Bb7 9. cxd4 Nf6 10. 0-0 Bxe4 11. Re1 Be7 12. Bg5 d5 13. Bxf6 gxf6 14. f3 Bf5 15. Nc3 Be6 16. f4 f5 17. Qh5 Qd6 18. Rxe6 Qxe6 19. Bxd5 Qe3+ 20. Kh1 0-0-0 21. Qxf5+ Kb8 22. Nxb5 axb5 23. Bc6 Qe2 24. Bxb5 Qe6 25. Qc2 Qb6 26. Bc6 Rxd4 27. a3 Rhd8 28. Bf3 Bf6 29. Qf5 Ka7 30. Rc1 Rd2 31. h3 Rxb2 32. a4 Rd6 33. a5 Qb8 34. Qc5+ Ka6 35. Qc4+ 1-0

[Event "Madurai Athens of the East op-A 4th"]
[Site "Madurai"]
[Date "2024.12.31"]
[Round "10"]
[White "Agibileg, Uurtsaikh"]
[Black "Raahul, VS."]
[Result "1/2-1/2"]
[WhiteElo "2392"]
[BlackElo "2378"]
[PlyCount "132"]
[EventDate "2024.12.24"]
[EventType "swiss"]
[EventRounds "10"]
[EventCountry "IND"]
[SourceTitle "CB02_2025"]
[SourceDate "2025.01.08"]
[SourceVersion "1"]
[SourceVersionDate "2025.01.08"]
[SourceQuality "1"]

1. d4 d5 2. c4 e6 3. Nc3 c5 4. cxd5 exd5 5. Nf3 Nc6 6. dxc5 d4 7. Na4 Bxc5 8. Nxc5 Qa5+ 9. Qd2 Qxc5 10. e3 dxe3 11. Qxe3+ Qxe3+ 12. Bxe3 Nge7 13. Bc4 Bg4 14. Ng5 0-0 15. 0-0 h6 16. f3 Bf5 17. Ne4 b6 18. Rfd1 Rad8 19. Nd6 Ne5 20. Bb5 Be6 21. Bf4 f6 22. Bg3 Nd5 23. Ne4 Ne3 24. Rdc1 Nf5 25. Bxe5 fxe5 26. Bc4 Bxc4 27. Rxc4 Nd6 28. Nxd6 Rxd6 29. Re1 Rd2 30. Rxe5 Rxb2 31. Re7 Rf6 32. Rxa7 Rg6 33. Rg4 Rxg4 34. fxg4 Kh7 35. h3 b5 36. a4 Ra2 37. a5 b4 38. Rb7 Rxa5 39. Rxb4 Ra2 40. h4 Rc2 41. Kh2 Rc3 42. Rb5 Rc4 43. Kh3 Rc3+ 44. g3 Rc2 45. h5 Ra2 46. g5 hxg5 47. Rxg5 Ra4 48. g4 Ra3+ 49. Kh4 Ra7 50. Rg6 Ra5 51. Re6 Rb5 52. Kg3 Rb1 53. Kh4 Rb5 54. g5 Rb1 55. Re4 Rg1 56. Ra4 Rh1+ 57. Kg4 Rg1+ 58. Kf5 Rf1+ 59. Rf4 Ra1 60. Re4 Rf1+ 61. Ke6 Rh1 62. Kf5 Rf1+ 63. Rf4 Rh1 64. Ra4 Rf1+ 65. Rf4 Rh1 66. Re4 Rf1+ 1/2-1/2

[Event "Madurai Athens of the East op-A 4th"]
[Site "Madurai"]
[Date "2024.12.28"]
[Round "6"]
[White "Raahul, VS."]
[Black "Srihari, LR."]
[Result "0-1"]
[WhiteElo "2378"]
[BlackElo "2484"]
[PlyCount "138"]
[EventDate "2024.12.24"]
[EventType "swiss"]
[EventRounds "10"]
[EventCountry "IND"]
[SourceTitle "CB02_2025"]
[SourceDate "2025.01.08"]
[SourceVersion "1"]
[SourceVersionDate "2025.01.08"]
[SourceQuality "1"]

1. d4 Nf6 2. c4 e6 3. Nc3 d5 4. cxd5 exd5 5. Bg5 c6 6. e3 h6 7. Bh4 Be7 8. Qc2 0-0 9. Bd3 Re8 10. Nge2 a5 11. 0-0 Na6 12. a3 Nc7 13. f3 c5 14. b3 Ne6 15. Bb5 Bd7 16. Bxd7 Qxd7 17. Bxf6 Bxf6 18. dxc5 Nc7 19. Rad1 Qe7 20. Rd3 Qxc5 21. Qc1 Be7 22. Nf4 d4 23. exd4 Qxa3 24. Ncd5 Nxd5 25. Nxd5 Rac8 26. Nxe7+ Qxe7 27. Qd2 Qe2 28. Qxe2 Rxe2 29. g4 Rcc2 30. Rfd1 Rg2+ 31. Kh1 Rxh2+ 32. Kg1 Rhe2 33. d5 Re7 34. d6 Rd7 35. Re1 Kf8 36. Rde3 Rc8 37. Re7 Rcd8 38. Kf2 b6 39. Rxd7 Rxd7 40. Rd1 Ke8 41. Kg3 Ra7 42. Re1+ Kd8 43. Kf4 b5 44. Ke5 a4 45. b4 a3 46. Kd5 a2 47. Ra1 Kd7 48. Kc5 Ra8 49. Kxb5 Kxd6 50. Kb6 Rb8+ 51. Ka7 Rxb4 52. Rxa2 Ke5 53. Ra5+ Kf4 54. Rf5+ Kg3 55. Rxf7 g5 56. Rf6 Rb3 57. Rxh6 Rxf3 58. Kb6 Rc3 59. Rh1 Kxg4 60. Kb5 Rc2 61. Kb4 Kf3 62. Kb3 Rc8 63. Rf1+ Kg2 64. Rf7 g4 65. Rg7 g3 66. Rg6 Kf2 67. Rf6+ Kg1 68. Rg6 g2 69. Rf6 Rh8 0-1

[Event "Madurai Athens of the East op-A 4th"]
[Site "Madurai"]
[Date "2024.12.26"]
[Round "4"]
[White "Raahul, VS."]
[Black "Aronyak, Ghosh"]
[Result "1/2-1/2"]
[WhiteElo "2378"]
[BlackElo "2547"]
[PlyCount "21"]
[EventDate "2024.12.24"]
[EventType "swiss"]
[EventRounds "10"]
[EventCountry "IND"]
[SourceTitle "CB02_2025"]
[SourceDate "2025.01.08"]
[SourceVersion "1"]
[SourceVersionDate "2025.01.08"]
[SourceQuality "1"]

1. d4 d5 2. c4 c6 3. Nf3 Nf6 4. Nc3 dxc4 5. a4 Bf5 6. Ne5 Nbd7 7. Nxc4 Nb6 8. Ne5 Nbd7 9. Nc4 Nb6 10. Ne5 Nbd7 11. Nc4 1/2-1/2

[Event "Madurai Athens of the East op-A 4th"]
[Site "Madurai"]
[Date "2024.12.25"]
[Round "2"]
[White "Bhosale, Shriraj"]
[Black "Raahul, VS."]
[Result "0-1"]
[WhiteElo "2125"]
[BlackElo "2378"]
[PlyCount "92"]
[EventDate "2024.12.24"]
[EventType "swiss"]
[EventRounds "10"]
[EventCountry "IND"]
[SourceTitle "CB02_2025"]
[SourceDate "2025.01.08"]
[SourceVersion "1"]
[SourceVersionDate "2025.01.08"]
[SourceQuality "1"]

1. Nf3 d5 2. g3 Nf6 3. Bg2 c6 4. 0-0 Bg4 5. d4 Nbd7 6. c4 dxc4 7. Qc2 Bxf3 8. Bxf3 e5 9. Qxc4 Nb6 10. Qc2 Qxd4 11. Rd1 Qc4 12. Nc3 Bb4 13. Qf5 Bxc3 14. bxc3 Qe6 15. Qxe6+ fxe6 16. Rb1 0-0 17. Be3 Nfd5 18. Bxd5 exd5 19. Bxb6 axb6 20. Rd2 b5 21. e4 Ra3 22. exd5 Rxc3 23. Re1 Re8 24. d6 Kf7 25. d7 Rd8 26. Rxe5 Rf3 27. Kg2 Rf6 28. Re3 Re6 29. Ra3 Ke7 30. Ra7 b6 31. Rb7 c5 32. f4 b4 33. Kf3 Rd6 34. Rxd6 Kxd6 35. Rxb6+ Kd5 36. Rb7 Kc6 37. Ra7 Kb6 38. Ra4 Rxd7 39. f5 Kb5 40. Ra8 c4 41. g4 c3 42. Rc8 Ra7 43. g5 Rxa2 44. h4 c2 45. Ke3 b3 46. Kd2 Ra1 0-1

[Event "Budapest FS09 IM"]
[Site "Budapest"]
[Date "2024.09.13"]
[Round "8"]
[White "Raahul, VS."]
[Black "Kudaibergen, Nurlykhan"]
[Result "1-0"]
[WhiteElo "2343"]
[BlackElo "2150"]
[PlyCount "73"]
[EventDate "2024.09.07"]
[EventType "tourn"]
[EventRounds "9"]
[EventCountry "HUN"]
[SourceTitle "EXT 2025"]
[Source "ChessBase"]
[SourceDate "2024.10.14"]
[SourceVersion "1"]
[SourceVersionDate "2024.10.14"]
[SourceQuality "1"]

1. b3 d5 2. Bb2 Bg4 3. f3 Bh5 4. h4 f6 5. d4 Nc6 6. c4 e6 7. cxd5 exd5 8. Nh3 Bd6 9. Qd2 f5 10. Nf4 Bf7 11. Ba3 Nf6 12. Bxd6 Qxd6 13. Nc3 0-0 14. e3 Rae8 15. Kf2 Ne7 16. h5 a6 17. Na4 g5 18. hxg6 hxg6 19. Bd3 g5 20. Nh3 Nh5 21. Kg1 Ng3 22. Rh2 g4 23. Ng5 Bg6 24. Nc5 b6 25. Nce6 Nc6 26. Nxf8 Rxf8 27. f4 Qf6 28. Rc1 Nxd4 29. Qf2 Nge2+ 30. Bxe2 g3 31. Qe1 gxh2+ 32. Kxh2 Ne6 33. Rc6 Re8 34. Bf3 Bf7 35. Qh4 Qg7 36. Nxf7 Kxf7 37. Bh5+ 1-0